ការកសាងគំរោងផែនការលើការងារផ្សព្វផ្សាយដើម្បីប្រើប្រាស់ជាមួយកសិករ សំរាប់អនុវត្តន៍ក្នុងកម្មវិធីផ្សព្វផ្សាយកសិកម្មនៅប្រទេសកម្ពុជា (Record no. 251)

000 -LEADER
fixed length control field 00751nam a22001577a 4500
003 - CONTROL NUMBER IDENTIFIER
control field OSt
005 - DATE AND TIME OF LATEST TRANSACTION
control field 20150910162418.0
008 - FIXED-LENGTH DATA ELEMENTS--GENERAL INFORMATION
fixed length control field 150910b xxu||||| |||| 00| 0 eng d
040 ## - CATALOGING SOURCE
Transcribing agency RUA
082 ## - DEWEY DECIMAL CLASSIFICATION NUMBER
Classification number AGR សួស​ 1995 B015 Or.1
100 ## - MAIN ENTRY--PERSONAL NAME
9 (RLIN) 269
Personal name សួស សំអឿន
245 ## - TITLE STATEMENT
Title ការកសាងគំរោងផែនការលើការងារផ្សព្វផ្សាយដើម្បីប្រើប្រាស់ជាមួយកសិករ សំរាប់អនុវត្តន៍ក្នុងកម្មវិធីផ្សព្វផ្សាយកសិកម្មនៅប្រទេសកម្ពុជា
260 ## - PUBLICATION, DISTRIBUTION, ETC. (IMPRINT)
Place of publication, distribution, etc. Phnom Penh
Name of publisher, distributor, etc. RUA
Date of publication, distribution, etc. 1995
300 ## - PHYSICAL DESCRIPTION
Extent 73p.
Other physical details ill.
Dimensions 29cm.
942 ## - ADDED ENTRY ELEMENTS (KOHA)
Source of classification or shelving scheme
Koha item type AGR

No items available.

មជ្ឈមណ្ឌលឯការនៃសាកលវិទ្យាល័យភូមិន្ទកសិកម្មចំការដូង

Powered by Koha